BSE review findings (Record no. 65670)

MARC details
000 -LEADER
fixed length control field 00834cam a2200217 4500
001 - CONTROL NUMBER
control field WB3701-35
008 - FIXED-LENGTH DATA ELEMENTS--GENERAL INFORMATION
fixed length control field 000000n2000 000 0 eng u
035 ## - SYSTEM CONTROL NUMBER
System control number (Sirsi) u110110
245 ## - TITLE STATEMENT
Title BSE review findings
260 ## - PUBLICATION, DISTRIBUTION, ETC.
Date of publication, distribution, etc. 2000
490 ## - SERIES STATEMENT
Series statement Food Standards Agency News Release
Volume/sequential designation (2000/0076) 20 December 2000, (2)
520 ## - SUMMARY, ETC.
Summary, etc. Describes the findings of a review report into BSE by the Food Standards Agency, which has just been published. Its key recommendation is that controls brought in to protect the public from BSE should be retained and strengthened. To view the full report visit: 'www.bsereview.org.uk', or telephone: 0845 757 3012.
590 ## - LOCAL NOTE (RLIN)
Local note WB
650 ## - SUBJECT ADDED ENTRY--TOPICAL TERM
Topical term or geographic name entry element BSE
650 ## - SUBJECT ADDED ENTRY--TOPICAL TERM
Topical term or geographic name entry element FOOD STANDARDS AGENCY
650 ## - SUBJECT ADDED ENTRY--TOPICAL TERM
Topical term or geographic name entry element LABELLING
650 ## - SUBJECT ADDED ENTRY--TOPICAL TERM
Topical term or geographic name entry element REPORT
650 ## - SUBJECT ADDED ENTRY--TOPICAL TERM
Topical term or geographic name entry element FARMING
690 ## - LOCAL SUBJECT ADDED ENTRY--TOPICAL TERM (OCLC, RLIN)
Topical term or geographic name as entry element Rural
9 (RLIN) 6268
942 ## - ADDED ENTRY ELEMENTS (KOHA)
Suppress in OPAC 0
Holdings
Withdrawn status Lost status Source of classification or shelving scheme Damaged status Not for loan Home library Current library Shelving location Date acquired Total Checkouts Full call number Barcode Date last seen Copy number Price effective from Koha item type
    Dewey Decimal Classification     London London News article 03/01/2001   WB3701-35 110110-1001 06/08/2019 1 06/08/2019 News article